The most countries on a single latitude - Statistics

General Stats
  • This quiz has been taken 29 times
  • The average score is 22 of 27
Answer Stats
Country % Correct
Togo{}
100%
India
96%
Nigeria
92%
Benin
88%
Cambodia
88%
Cameroon
88%
Djibouti
88%
Ethiopia
88%
Guinea
88%
Philippines
88%
Somalia
88%
South Sudan
88%
Sudan
88%
Thailand
88%
Vietnam
88%
Guinea-Bissau
83%
Burkina Faso
79%
Chad
79%
Ghana
79%
Mali
79%
Myanmar
79%
Trinidad and Tobago
75%
Costa Rica
71%
Venezuela
71%
Colombia
67%
Nicaragua
67%
Marshall Islands
46%
No matching quizzes found
Score Distribution
Percent of People with Each Score
Percentile by Number Answered
Your Score History
You have not taken this quiz